[Event "Unterfranken-ch HA 43th"]
[Site "Sailauf"]
[Date "1992.??.??"]
[Round "3"]
[White "Hartlaub, Willi"]
[Black "Schmidt, Jens"]
[Result "0-1"]
[WhiteElo "1613"]
[BlackElo "1657"]
[PlyCount "54"]
[EventDate "1992.04.20"]
[EventType "swiss"]
[EventRounds "9"]
[EventCountry "GER"]
[SourceTitle "EXT 2015"]
[Source "ChessBase"]
[SourceDate "2014.11.20"]
[SourceVersion "1"]
[SourceVersionDate "2014.11.20"]
[SourceQuality "1"]

1. e4 d5 2. exd5 Nf6 3. Nc3 Nxd5 4. Nxd5 Qxd5 5. Nf3 Bg4 6. Be2 Nc6 7. 0-0 e6 8. c3 Bd6 9. h3 h5 10. d4 f6 11. Nh4 Bxe2 12. Qxe2 Kf7 13. Re1 Rae8 14. Qc2 Ne7 15. Be3 g5 16. c4 Qc6 17. Nf3 Nf5 18. c5 g4 19. hxg4 hxg4 20. Nd2 Rh2 21. Qe4 Reh8 22. f3 g3 23. Kf1 Nxe3+ 24. Rxe3 Qb5+ 25. Rd3 f5 26. Qe3 Bf4 27. a4 Qa6 0-1

[Event "Unterfranken-ch HA 43th"]
[Site "Sailauf"]
[Date "1992.??.??"]
[Round "6"]
[White "Schmidt, Jens"]
[Black "Rueppel, Guenter"]
[Result "0-1"]
[WhiteElo "1657"]
[BlackElo "1719"]
[PlyCount "58"]
[EventDate "1992.04.20"]
[EventType "swiss"]
[EventRounds "9"]
[EventCountry "GER"]
[SourceTitle "EXT 2015"]
[Source "ChessBase"]
[SourceDate "2014.11.20"]
[SourceVersion "1"]
[SourceVersionDate "2014.11.20"]
[SourceQuality "1"]

1. e4 e5 2. Nf3 Nc6 3. d4 exd4 4. Bc4 Nf6 5. 0-0 Bc5 6. Bg5 d6 7. h3 h6 8. Bh4 0-0 9. Re1 Qe7 10. c3 Ne5 11. Bb3 dxc3 12. Nxc3 c6 13. a3 Be6 14. Na4 Rad8 15. Bxe6 Nxf3+ 16. Qxf3 fxe6 17. Qb3 g5 18. Nxc5 dxc5 19. Bg3 Rd4 20. f3 Nh5 21. Bf2 Rd7 22. Qc4 b6 23. b4 Nf4 24. bxc5 b5 25. Qc2 Rfd8 26. Red1 Nd3 27. Kf1 Nxf2 28. Rxd7 Qxd7 29. Kxf2 Qd4+ 0-1